000 00832nam a2200217 a 4500
005 20140414093839.0
008 040310s19uu xx 00 eng d
050 _aVHS 370
_bOR 11 t.3
245 _aMaximizing learning for English language learners :
_bensuring success in all classrooms.
260 _aAlexandria, Va :
_bAssociation for Supervision and Curriculum Development,
_cc2003.
300 _a35 min.
440 _aMaximizing learning for English language learners ; tape 3
500 _aFacilitator's guide, Tapes 1,2,3.
520 _aLibrary has:
650 _aCurriculum planning (English language)
_xUnited States.
650 _aEnglish language
_xStudy and teaching
_xUnited States.
650 _aEducation, Bilingual
_xStudy and teaching
_xUnited States.
700 _aASCD
942 _cAVM
999 _c109160
_d109160